000
00459nam a22001217a 4500
008
220102b |||||||| |||| 00| 0 eng d
082
_2
22
100
_a
குருபாதம், எஸ்.
245
_a
மறுபிறப்பு பற்றிய ஆச்சரியமான தகவல்கள்
260
_a
சென்னை
_b
மணிமேகலைப் பிரசுரம்
_c
2012
300
_a
xii, 370 பக்கம்.
942
_c
V
999
_c
2
_d
2